Political Parties of Australia - Statistics

General Stats
  • This quiz has been taken 58 times
  • The average score is 7 of 11
Answer Stats
Seats in Parliament (Hint) Answer % Correct
H: 39/151S: 24/76 Liberal Party of Australia (LIB)
98%
H: 77/151S: 25/76 Labor Party of Australia (LAB)
96%
H: 4/151S: 11/76 Australian Greens (GREENS)
92%
H: 0S: 2 Pauline Hanson's One Nation Party (ONP)
85%
H: 14/151S: 6/151 National Party of Australia (NAT)
81%
H: 1S: 0 Katter's Australia Party (KAP)
55%
H: 1S: 0 Centre Alliance (CEN)
49%
H: 0S: 1 United Australia Party (UAP)
45%
H: 0S: 1 Jacquie Lambie Network (JLN)
40%
H: 0S: 1 Australia's Voice (AV)
32%
H: 0S: 1 People First Party (PFP)
17%
No matching quizzes found
Score Distribution
Percent of People with Each Score
Percentile by Number Answered
Your Score History
You have not taken this quiz